[Event "SVK-chT1E 1011"]
[Site "Slovakia"]
[Date "2011.02.13"]
[Round "7.5"]
[White "Kendi, Stefan"]
[Black "Demeter, Peter"]
[Result "0-1"]
[WhiteElo "2058"]
[BlackElo "2257"]
[PlyCount "129"]
[EventDate "2010.11.06"]
[EventType "team-tourn"]
[EventRounds "11"]
[EventCountry "SVK"]
[SourceTitle "EXT 2012"]
[Source "ChessBase"]
[SourceDate "2011.11.24"]
[SourceVersion "1"]
[SourceVersionDate "2011.11.24"]
[SourceQuality "1"]
[WhiteTeam "Kosice Slavia"]
[BlackTeam "Sabinov"]
[WhiteTeamCountry "SVK"]
[BlackTeamCountry "SVK"]

1. e4 c5 2. Nf3 d6 3. d4 cxd4 4. Nxd4 Nf6 5. Nc3 g6 6. Be2 Bg7 7. Be3 0-0 8. Qd2 Nc6 9. h3 Nxd4 10. Bxd4 Be6 11. 0-0 Qa5 12. Rad1 Rfc8 13. Bf3 Rc7 14. Nd5 Qxd2 15. Rxd2 Bxd5 16. exd5 Nd7 17. c3 Rac8 18. Re1 Be5 19. g3 Kf8 20. Bd1 Bxd4 21. Rxd4 Rc4 22. Ree4 Rxd4 23. Rxd4 Rc5 24. f4 b5 25. a3 Nb6 26. Bb3 a5 27. Kf2 Ke8 28. Kf3 Kd7 29. Ke4 a4 30. Ba2 Kc7 31. g4 h6 32. h4 Nd7 33. g5 hxg5 34. hxg5 f6 35. f5 gxf5+ 36. Kxf5 fxg5 37. Ke6 Ne5 38. Kxe7 Nc4 39. Bxc4 Rxc4 40. Rd2 Re4+ 41. Kf6 g4 42. Kf5 Rc4 43. Ke6 g3 44. Rg2 Rg4 45. Kf5 Rg8 46. Ke6 Re8+ 47. Kf5 Kb6 48. Rxg3 Re2 49. Rg8 Kc5 50. Rb8 Kc4 51. Rb6 Re5+ 52. Kf4 Rxd5 53. Ke3 Kb3 54. Ke4 Rc5 55. Rxd6 Kxb2 56. Rd3 Rxc3 57. Rd5 b4 58. axb4 a3 59. Ra5 a2 60. Kd4 Ra3 61. Rxa3 Kxa3 62. b5 a1Q+ 63. Kc5 Qc3+ 64. Kd6 Qc8 65. b6 0-1

[Event "SVK-chT1E 1011"]
[Site "Slovakia"]
[Date "2011.01.09"]
[Round "5.5"]
[White "Csolto, Tibor Jr"]
[Black "Kendi, Stefan"]
[Result "1-0"]
[WhiteElo "2198"]
[BlackElo "2058"]
[PlyCount "55"]
[EventDate "2010.11.06"]
[EventType "team-tourn"]
[EventRounds "11"]
[EventCountry "SVK"]
[SourceTitle "EXT 2012"]
[Source "ChessBase"]
[SourceDate "2011.11.24"]
[SourceVersion "1"]
[SourceVersionDate "2011.11.24"]
[SourceQuality "1"]
[WhiteTeam "Kosice Slavia II"]
[BlackTeam "Kosice Slavia"]
[WhiteTeamCountry "SVK"]
[BlackTeamCountry "SVK"]

1. e4 e6 2. d4 d5 3. Nd2 Nf6 4. e5 Nfd7 5. f4 c5 6. c3 Nc6 7. Ndf3 f6 8. Bd3 Be7 9. Nh3 Qb6 10. 0-0 Nf8 11. Kh1 Bd7 12. dxc5 Bxc5 13. b4 Be7 14. Qe2 Qc7 15. a4 Ng6 16. Re1 Ncxe5 17. fxe5 Qxc3 18. Bd2 Qc7 19. Rac1 Qd8 20. exf6 gxf6 21. Bxg6+ hxg6 22. Nf4 e5 23. Nxe5 fxe5 24. Qxe5 Rh7 25. Nxd5 Kf8 26. Nxe7 Qxe7 27. Bh6+ Ke8 28. Qf6 1-0

[Event "SVK-chT2D 10/11"]
[Site "Slovakia"]
[Date "2010.10.23"]
[Round "1.6"]
[White "Vrabel, Michal"]
[Black "Kendi, Stefan"]
[Result "0-1"]
[WhiteElo "1988"]
[BlackElo "2058"]
[PlyCount "106"]
[EventDate "2010.10.23"]
[EventType "team-tourn"]
[EventRounds "11"]
[EventCountry "SVK"]
[SourceTitle "EXT 2019"]
[Source "ChessBase"]
[SourceDate "2018.10.10"]
[SourceVersion "1"]
[SourceVersionDate "2018.10.10"]
[SourceQuality "1"]
[WhiteTeam "Presov Slavia PU"]
[BlackTeam "Velke Kapusany"]
[WhiteTeamCountry "SVK"]
[BlackTeamCountry "SVK"]

1. e4 e6 2. d4 d5 3. Nd2 Nf6 4. e5 Nfd7 5. Bd3 c5 6. c3 Nc6 7. Ne2 b6 8. Nf3 Be7 9. 0-0 cxd4 10. cxd4 Nb4 11. Bb1 Ba6 12. Re1 Rc8 13. a3 Bxe2 14. Qxe2 Nc6 15. b4 Qc7 16. Bf4 Qb7 17. Bd3 Ncb8 18. Rac1 0-0 19. Ng5 Bxg5 20. Bxg5 Rxc1 21. Rxc1 Rc8 22. Rc2 h6 23. Be3 Rxc2 24. Bxc2 Qc6 25. Qd3 Nf8 26. f4 Nbd7 27. g4 b5 28. f5 Nb6 29. f6 Nc4 30. Bc1 Qb6 31. Kg2 Qd8 32. Qf3 Ng6 33. Kg3 Qc7 34. Bxg6 fxg6 35. fxg7 Qxg7 36. g5 hxg5 37. Bxg5 Qf7 38. Bf6 Nd2 39. Qf4 Ne4+ 40. Kg4 Qh7 41. h4 Qh5+ 42. Kh3 Qf5+ 43. Qxf5 gxf5 44. Kg2 Nxf6 45. exf6 Kf7 46. Kf3 Kxf6 47. Kf4 Kg6 48. Ke5 Kh5 49. Kxe6 f4 50. Kxd5 f3 51. Kc6 f2 52. d5 f1Q 53. d6 Qf2 0-1

[Event "Kosice Kotan Memorial 2nd"]
[Site "Kosice"]
[Date "2010.07.02"]
[Round "8"]
[White "Kusiak, Matej"]
[Black "Kendi, Stefan"]
[Result "1-0"]
[WhiteElo "2081"]
[BlackElo "2036"]
[PlyCount "83"]
[EventDate "2010.06.26"]
[EventType "swiss"]
[EventRounds "9"]
[EventCountry "SVK"]
[SourceTitle "CBM 137 Extra"]
[Source "ChessBase"]
[SourceDate "2010.09.01"]
[SourceVersion "1"]
[SourceVersionDate "2010.09.01"]
[SourceQuality "1"]

1. e4 e6 2. d4 d5 3. Nc3 Nc6 4. Nf3 Nf6 5. exd5 exd5 6. Bb5 Bb4 7. 0-0 0-0 8. Bxc6 bxc6 9. Ne5 c5 10. a3 Bxc3 11. bxc3 Ne4 12. dxc5 Nxc5 13. Re1 Ne4 14. f3 Nxc3 15. Qd4 Nb5 16. Qc5 Nd6 17. Qxd5 Be6 18. Qc5 Nb7 19. Qc3 Qd6 20. Be3 Rfe8 21. Rab1 Bd5 22. Nd3 a5 23. Bf4 Rxe1+ 24. Rxe1 Qb6+ 25. Be3 Qd6 26. Nf4 c6 27. Rb1 Qe7 28. Nxd5 cxd5 29. Bd4 Nd6 30. Re1 Qd7 31. Bxg7 Rc8 32. Qa1 Ne8 33. Bh6 f6 34. Qb2 Kf7 35. Qb3 Kg6 36. Bd2 a4 37. Qe3 Kf7 38. Qh6 Qf5 39. Bb4 Qxc2 40. Qh5+ Qg6 41. Qxd5+ Kg7 42. Qd7+ 1-0

[Event "SVK-chT1E 0910"]
[Site "Slovakia"]
[Date "2010.03.06"]
[Round "10.1"]
[White "Kendi, Stefan"]
[Black "Kopera, Michal"]
[Result "1-0"]
[WhiteElo "1987"]
[BlackElo "2146"]
[PlyCount "53"]
[EventDate "2009.10.17"]
[EventType "team"]
[EventRounds "11"]
[EventCountry "SVK"]
[SourceTitle "EXT 2011"]
[Source "ChessBase"]
[SourceDate "2010.11.26"]
[SourceVersion "1"]
[SourceVersionDate "2010.11.26"]
[SourceQuality "1"]
[WhiteTeam "Kosice"]
[BlackTeam "Zilina Mladost juniors"]
[WhiteTeamCountry "SVK"]
[BlackTeamCountry "SVK"]

1. e4 e5 2. Nf3 Nc6 3. Bb5 a6 4. Ba4 Nf6 5. d3 b5 6. Bb3 Be7 7. c3 d6 8. 0-0 0-0 9. Re1 Na5 10. Bc2 c5 11. Nbd2 Qc7 12. Nf1 Be6 13. Ng3 Rfc8 14. Bd2 Rab8 15. Ng5 b4 16. cxb4 cxb4 17. Rc1 Qd7 18. Ba4 Rxc1 19. Bxc1 Qc7 20. Bd2 Bxa2 21. Qa1 Bb3 22. Rc1 Qb7 23. Bxb3 Nxb3 24. Qa2 Nxc1 25. Qxf7+ Kh8 26. Nf5 Bd8 27. Qf8+ 1-0